00745nam a22001937a 4500001000500000005001700005020001800022040002900040050001200069082000800081100001800089245002900107260003600136300003300172505000600205520029500211521002700506521001800533161220230911131911.0 a9781443448840 aFISKHbengcFISKHdFISKH aPZ7.C68 a317 aCovello, Paul aCanada ABCcPaul Covello aToronto :bHarperCollins,c2016 a30 unnumbered pages :c23 cm aC aA is for Arctic, B is for Beaver ... Paul Covello's gloriously bright and detailed board book for the very young highlights Canada's iconic symbols, souvenirs and events, including the Dogsled, Inuksuk, Loonie, Totem Pole and the Zamboni machine. From the author of the beloved Toronto ABC. a100 bLexile estimate aC bRaz-Plus